| 000 | 00000nam##2200000za#4500 |
| 001 | 9.607080 |
| 003 | CaOODSP |
| 005 | 20210624212941 |
| 007 | cr ||||||||||| |
| 008 | 150406|2001||||xxc|||||o f|0| 0 fre|d |
| 040 | |aCaOODSP|bfre |
| 043 | |an-cn--- |
| 086 | 1 |aEn163-1/18F-PDF |
| 110 | 1 |aCanada. |bEnvironnement Canada. |bRégion de l'Ontario. |
| 245 | 10|aGestion des risques pour les lieux contaminés - risque acceptable et inacceptable |h[ressource électronique] |
| 260 | |aDownsview - Ontario : |bEnvironnement Canada. |
| 300 | |a6p.|bfigure, glossaire, références |
| 490 | 1 |aBATs sur les sites contaminés |vBAT #18 |
| 590 | |a14-13-Supp|b2014-06-23 |
| 691 | 07|aGestion des risques|2gcpds |
| 691 | 07|aPollution|2gcpds |
| 775 | 08|tRisk management for contaminated sites - acceptable & unacceptable risk |w(CaOODSP)9.579829 |
| 830 | #0|aBATs sur les sites contaminés ;|vBAT #18|w(CaOODSP)9.504217 |
| 856 | 40|ahttp://publications.gc.ca|qPDF|s61 Ko|uhttps://publications.gc.ca/collections/collection_2014/ec/En163-1-18-fra.pdf|yBAT #18 |